[Event "Paris-ch"]
[Site "Paris"]
[Date "2025.07.17"]
[Round "8"]
[White "Panesar, Vedant"]
[Black "Meillon, Judicael"]
[Result "1/2-1/2"]
[WhiteElo "2462"]
[BlackElo "2293"]
[PlyCount "51"]
[EventDate "2025.07.12"]
[EventType "swiss"]
[EventRounds "9"]
[EventCountry "FRA"]
[SourceTitle "CB30_2025"]
[SourceDate "2025.07.23"]
[SourceVersion "1"]
[SourceVersionDate "2025.07.23"]
[SourceQuality "1"]

1. e4 e6 2. d4 d5 3. Nc3 dxe4 4. Nxe4 Bd7 5. Nf3 Bc6 6. Bd3 Nd7 7. c3 Ngf6 8. Nxf6+ Nxf6 9. h4 Qd5 10. Qe2 Qh5 11. Bg5 Bd6 12. Bb5 h6 13. Bxc6+ bxc6 14. Bxf6 gxf6 15. c4 Rg8 16. g3 Rb8 17. 0-0-0 Kf8 18. Qe3 Kg7 19. Rd3 Qa5 20. a3 c5 21. Rb3 cxd4 22. Nxd4 Qc5 23. Rc3 Qb6 24. Rb3 Qc5 25. Rc3 Qb6 26. Rb3 1/2-1/2

[Event "Aktobe Dvorkovich op-A"]
[Site "Aktobe"]
[Date "2025.06.30"]
[Round "9"]
[White "Panesar, Vedant"]
[Black "Smirnov, Mark1"]
[Result "1-0"]
[WhiteElo "2456"]
[BlackElo "2352"]
[PlyCount "72"]
[EventDate "2025.06.22"]
[EventType "swiss"]
[EventRounds "9"]
[EventCountry "KAZ"]
[SourceTitle "CB27_2025"]
[SourceDate "2025.07.02"]
[SourceVersion "1"]
[SourceVersionDate "2025.07.02"]
[SourceQuality "1"]

1. e4 e5 2. Nf3 Nc6 3. Bb5 Nge7 4. Nc3 Ng6 5. h4 Nd4 6. Bc4 h5 7. Ng5 d5 8. Nxd5 Nxh4 9. d3 Nxg2+ 10. Kf1 Bg4 11. Qxg4 hxg4 12. Rxh8 Nf4 13. Bxf4 exf4 14. Nh7 Ne6 15. Nxf4 Qh4 16. Nxe6 Qh1+ 17. Ke2 Qf3+ 18. Kd2 Ke7 19. Nd4 Qxf2+ 20. Ne2 g6 21. Nxf8 Rxf8 22. Rhh1 Qc5 23. Raf1 Qg5+ 24. Kd1 f5 25. exf5 gxf5 26. Nf4 g3 27. Bd5 Rf6 28. Rh7+ Kd6 29. Rh5 Qg7 30. Bg2 Re6 31. Nxe6 Qg4+ 32. Rf3 Qxh5 33. Ng7 Qh2 34. Nxf5+ Ke6 35. Ne3 Qg1+ 36. Rf1 Ke5 1-0

[Event "Aktobe Dvorkovich op-A"]
[Site "Aktobe"]
[Date "2025.06.25"]
[Round "4"]
[White "Panesar, Vedant"]
[Black "Moldagali, Beksultan"]
[Result "1/2-1/2"]
[WhiteElo "2456"]
[BlackElo "2397"]
[PlyCount "96"]
[EventDate "2025.06.22"]
[EventType "swiss"]
[EventRounds "9"]
[EventCountry "KAZ"]
[SourceTitle "CB27_2025"]
[SourceDate "2025.07.02"]
[SourceVersion "1"]
[SourceVersionDate "2025.07.02"]
[SourceQuality "1"]

1. d4 Nf6 2. c4 e6 3. Nc3 Bb4 4. e3 d6 5. Bd3 Bxc3+ 6. bxc3 0-0 7. Ne2 c5 8. e4 h6 9. 0-0 e5 10. f3 Nc6 11. Be3 b6 12. d5 Ne7 13. Ng3 Nh7 14. Qc2 Ng6 15. Rf2 Bd7 16. Raf1 Ng5 17. Kh1 a6 18. Nf5 Bxf5 19. exf5 Nf4 20. Bxf4 exf4 21. Qc1 Qf6 22. Rc2 Rfe8 23. Qxf4 Re7 24. g3 Rae8 25. Qd2 Re3 26. Kg2 Qe7 27. Rf2 h5 28. h4 Nh7 29. Re2 Rxe2+ 30. Qxe2 Qd8 31. Qd2 Re5 32. Rb2 Nf6 33. Kf2 Qc7 34. Qd1 b5 35. Re2 Rxe2+ 36. Qxe2 Qa5 37. cxb5 axb5 38. Bxb5 Qxc3 39. Kg2 Kh7 40. Bc4 Nd7 41. Qd3 Qb2+ 42. Qe2 Qc3 43. Qd3 Qb2+ 44. Qe2 Qc1 45. Qf1 Qd2+ 46. Qe2 Qc1 47. Qf1 Qa3 48. Qd3 Qc1 1/2-1/2

[Event "Mumbai Aurionpro GM op"]
[Site "Mumbai"]
[Date "2025.06.16"]
[Round "1"]
[White "Saranya, Devi Narahari"]
[Black "Panesar, Vedant"]
[Result "0-1"]
[WhiteElo "1810"]
[BlackElo "2456"]
[PlyCount "96"]
[EventDate "2025.06.16"]
[EventType "swiss"]
[EventRounds "9"]
[EventCountry "IND"]
[SourceTitle "CB26_2025"]
[SourceDate "2025.06.25"]
[SourceVersion "1"]
[SourceVersionDate "2025.06.25"]
[SourceQuality "1"]

1. e4 c5 2. Nf3 Nc6 3. d4 cxd4 4. Nxd4 Nf6 5. Nc3 d6 6. Be2 g6 7. Be3 Bg7 8. Qd2 0-0 9. 0-0-0 d5 10. exd5 Nxd5 11. Nxc6 bxc6 12. Bd4 e5 13. Bc5 Be6 14. Ne4 Re8 15. Bc4 Qc7 16. f3 Red8 17. h4 Nb6 18. Bd6 Qc8 19. Bb3 Bxb3 20. axb3 f5 21. Ng5 Bf8 22. Qb4 c5 23. Qc3 Rxd6 24. Qxe5 Qe8 25. f4 Rxd1+ 26. Rxd1 Qxe5 27. fxe5 Re8 28. e6 h6 29. Nf7 Rxe6 30. Nd8 Rd6 31. Rxd6 Bxd6 32. Nc6 a6 33. h5 gxh5 34. Kd1 Kf7 35. Ke2 Ke6 36. c4 Kd7 37. Na5 Bc7 38. Nb7 Bd6 39. Kd3 Kc7 40. Na5 Nd7 41. b4 cxb4 42. Kd4 Be5+ 43. Kd5 Bxb2 44. c5 f4 45. c6 Nf6+ 46. Ke6 h4 47. Nc4 Bc3 48. Nd6 b3 0-1

[Event "Tata Steel Tienkamp"]
[Site "Wijk aan Zee"]
[Date "2025.01.26"]
[Round "3"]
[White "Panesar, Vedant"]
[Black "Slagboom, Leandro"]
[Result "1/2-1/2"]
[WhiteElo "2446"]
[BlackElo "2369"]
[PlyCount "63"]
[EventDate "2025.01.24"]
[EventType "tourn"]
[EventRounds "9"]
[EventCountry "NED"]
[EventCategory "6"]
[SourceTitle "CB06_2025"]
[SourceDate "2025.02.05"]
[SourceVersion "1"]
[SourceVersionDate "2025.02.05"]
[SourceQuality "1"]

1. e4 e6 2. d4 d5 3. e5 c5 4. c3 Nc6 5. Nf3 Bd7 6. Be2 f6 7. 0-0 fxe5 8. Nxe5 cxd4 9. cxd4 Bd6 10. Nxc6 bxc6 11. Nd2 Nf6 12. Nf3 0-0 13. Bg5 c5 14. dxc5 Bxc5 15. Bd3 Qb6 16. Qe2 Rac8 17. Rac1 a5 18. Ne5 Be8 19. Be3 Bh5 20. Bxc5 Rxc5 21. Qe3 Rfc8 22. h3 Qd6 23. Rxc5 Qxc5 24. Qxc5 Rxc5 25. Re1 h6 26. f3 Kf8 27. Kf2 Ke7 28. Ke3 Kd6 29. Kd2 Be8 30. b3 Rc8 31. h4 Nh5 32. Ba6 1/2-1/2

[Event "Budapest Farago Memorial"]
[Site "Budapest"]
[Date "2024.12.06"]
[Round "9"]
[White "Panesar, Vedant"]
[Black "Palczert, Matyas"]
[Result "1-0"]
[WhiteElo "2441"]
[BlackElo "2359"]
[PlyCount "73"]
[EventDate "2024.11.29"]
[EventType "tourn"]
[EventRounds "9"]
[EventCountry "HUN"]
[EventCategory "6"]
[SourceTitle "CB50_2024"]
[SourceDate "2024.11.01"]
[SourceVersion "1"]
[SourceVersionDate "2024.11.01"]
[SourceQuality "2"]

1. e4 c5 2. Nf3 e6 3. d4 cxd4 4. Nxd4 Nc6 5. Nc3 Qc7 6. Be3 a6 7. Qf3 h5 8. Qg3 Qxg3 9. hxg3 Nf6 10. f3 b5 11. g4 Bc5 12. 0-0-0 Ba7 13. Kb1 Bb7 14. Be2 b4 15. Na4 h4 16. Nxc6 Bxc6 17. Nb6 Bxb6 18. Bxb6 d5 19. g5 Nd7 20. exd5 Bxd5 21. Bf2 a5 22. Bxh4 0-0-0 23. g6 f6 24. Bg3 Kb7 25. Rh7 Rhg8 26. c4 bxc3 27. bxc3 Nf8 28. c4 Nxh7 29. gxh7 Be4+ 30. fxe4 Rxd1+ 31. Bxd1 Rh8 32. Bg4 Rxh7 33. Bxe6 Rh5 34. Bd5+ Kc8 35. c5 Rg5 36. Bf4 Rxg2 37. c6 1-0

[Event "Budapest Farago Memorial"]
[Site "Budapest"]
[Date "2024.12.02"]
[Round "4"]
[White "Peng, Hongchi"]
[Black "Panesar, Vedant"]
[Result "1/2-1/2"]
[WhiteElo "2387"]
[BlackElo "2441"]
[PlyCount "106"]
[EventDate "2024.11.29"]
[EventType "tourn"]
[EventRounds "9"]
[EventCountry "HUN"]
[EventCategory "6"]
[SourceTitle "CB50_2024"]
[SourceDate "2024.11.01"]
[SourceVersion "1"]
[SourceVersionDate "2024.11.01"]
[SourceQuality "2"]

1. d4 Nf6 2. c4 e6 3. Nc3 Bb4 4. Nf3 c5 5. g3 0-0 6. Bg2 cxd4 7. Nxd4 d5 8. cxd5 Nxd5 9. Qb3 Nc6 10. Nxc6 bxc6 11. 0-0 Qa5 12. Bd2 Bxc3 13. bxc3 Ba6 14. Qc2 Qc5 15. Rfc1 Rfd8 16. c4 Nb6 17. Be3 Qxc4 18. Qb1 Qb5 19. Bxc6 Qxb1 20. Raxb1 Rac8 21. Bf3 Rxc1+ 22. Rxc1 Rc8 23. Rxc8+ Bxc8 24. Bc6 f6 25. a4 Kf7 26. Kf1 Ke7 27. Bc5+ Kd8 28. Be4 Nxa4 29. Bxa7 h6 30. Bc2 Nc3 31. e4 Ba6+ 32. Ke1 Bb7 33. f3 Nb5 34. Bc5 Ke8 35. Kd2 Kf7 36. Ke3 g5 37. Bb3 Bc6 38. f4 gxf4+ 39. gxf4 Nc7 40. f5 Bd7 41. Kf3 Ne8 42. Kg4 Ng7 43. Be3 Ke7 44. fxe6 Bxe6+ 45. Bxe6 h5+ 46. Kh4 Kxe6 47. Bh6 Ne8 48. Kxh5 f5 49. e5 Kxe5 50. Kg6 f4 51. h4 f3 52. Be3 Nf6 53. h5 Nxh5 1/2-1/2

[Event "Budapest Farago Memorial"]
[Site "Budapest"]
[Date "2024.11.29"]
[Round "1"]
[White "Panesar, Vedant"]
[Black "Berczes, David"]
[Result "1/2-1/2"]
[WhiteElo "2441"]
[BlackElo "2413"]
[PlyCount "169"]
[EventDate "2024.11.29"]
[EventType "tourn"]
[EventRounds "9"]
[EventCountry "HUN"]
[EventCategory "6"]
[SourceTitle "CB50_2024"]
[SourceDate "2024.11.01"]
[SourceVersion "1"]
[SourceVersionDate "2024.11.01"]
[SourceQuality "2"]

1. e4 e6 2. d4 d5 3. Nc3 Nf6 4. e5 Nfd7 5. f4 c5 6. Nf3 Nc6 7. Be3 a6 8. Ne2 Be7 9. c3 b5 10. h4 b4 11. cxb4 cxd4 12. Nexd4 Bxb4+ 13. Kf2 Nxd4 14. Nxd4 Bc5 15. b4 Bb6 16. Bd3 a5 17. Qg4 g6 18. h5 g5 19. Nb5 axb4 20. Rac1 Rxa2+ 21. Kf3 Bxe3 22. Kxe3 d4+ 23. Nxd4 gxf4+ 24. Qxf4 Nb6 25. Be4 Ra3+ 26. Ke2 Ba6+ 27. Ke1 Nd5 28. Qg4 Kf8 29. Nxe6+ fxe6 30. Bxd5 Re3+ 31. Kf2 Re2+ 32. Kg1 Qxd5 33. Rh3 Ke8 34. Rf3 Bb7 35. Qg7 Rxg2+ 36. Qxg2 Qxf3 37. Rc8+ Kf7 38. Qxf3+ Bxf3 39. Rxh8 Bxh5 40. Rxh7+ Kg6 41. Rb7 Bf3 42. Rxb4 Kf5 43. Kf2 Bd5 44. Ke3 Kxe5 45. Rf4 Kd6 46. Rh4 e5 47. Rh5 Ke6 48. Rh6+ Kf5 49. Rd6 Bb7 50. Kd3 Be4+ 51. Ke3 Bb7 52. Rb6 Bd5 53. Rb4 Bc6 54. Rh4 Bd5 55. Rh5+ Kf6 56. Kf2 Ke6 57. Kg3 Be4 58. Kg4 Kd5 59. Kg5 Bf3 60. Rh3 Ke4 61. Rh4+ Ke3 62. Kf5 e4 63. Rh2 Be2 64. Ke5 Bd3 65. Rh3+ Kf2 66. Kf4 Kg2 67. Rh6 Kf2 68. Rh2+ Ke1 69. Ke3 Kd1 70. Rh6 Kc1 71. Rc6+ Kb2 72. Rc7 Kb3 73. Kd4 Kb2 74. Rc3 Bc2 75. Kc4 Kc1 76. Rg3 Kd2 77. Rg2+ Kd1 78. Kd4 Bd3 79. Ra2 Kc1 80. Rg2 Kd1 81. Ke3 Kc1 82. Rh2 Kd1 83. Rd2+ Kc1 84. Rxd3 exd3 85. Kxd3 1/2-1/2

[Event "Budapest SixDays 11 GM"]
[Site "Budapest"]
[Date "2024.11.23"]
[Round "2"]
[White "Panesar, Vedant"]
[Black "Lim, Zhuo Ren"]
[Result "1/2-1/2"]
[WhiteElo "2441"]
[BlackElo "2306"]
[PlyCount "121"]
[EventDate "2024.11.22"]
[EventType "tourn"]
[EventRounds "9"]
[EventCountry "HUN"]
[EventCategory "6"]
[SourceTitle "CB49_2024"]
[SourceDate "2024.12.04"]
[SourceVersion "1"]
[SourceVersionDate "2024.12.04"]
[SourceQuality "1"]

1. e4 c5 2. Nf3 d6 3. d4 cxd4 4. Nxd4 Nf6 5. Nc3 a6 6. Be3 e5 7. Nb3 Be6 8. f3 h5 9. Qd2 Nbd7 10. 0-0-0 Be7 11. Kb1 Qc7 12. h3 b5 13. Bd3 h4 14. f4 Rc8 15. Rhe1 0-0 16. f5 Bc4 17. g4 hxg3 18. Rg1 b4 19. Nd5 Nxd5 20. exd5 Bh4 21. Bg5 Bxg5 22. Qxg5 f6 23. Qxg3 Rf7 24. Qg2 Bb5 25. h4 Nc5 26. Bxb5 axb5 27. Nc1 Kf8 28. h5 Ke7 29. Nd3 Nxd3 30. Rxd3 Qd7 31. Qg6 Qc7 32. Qg2 Qd7 33. Rf1 Rc4 34. Rg3 Kf8 35. h6 gxh6 36. Qh3 Ke7 37. Qxh6 Rc8 38. Rg7 Rcf8 39. Rg4 Qb7 40. Qd2 b3 41. cxb3 Rc8 42. b4 Qd7 43. Qd3 Rh8 44. Rg2 Rh4 45. a3 Rd4 46. Qh3 Qb7 47. Qc3 Rc4 48. Qd3 Rd4 49. Qc2 Rc4 50. Qd1 Rd4 51. Qc1 Rc4 52. Qd1 Rd4 53. Rd2 Qxd5 54. Rxd4 exd4 55. Qd3 Rh7 56. Re1+ Kd7 57. Qe2 Qe5 58. Qf1 Qd5 59. Qe2 Qe5 60. Qf1 Qd5 61. Qe2 1/2-1/2

[Event "Budapest Eperjesi Memorial"]
[Site "Budapest"]
[Date "2024.11.19"]
[Round "7"]
[White "Panesar, Vedant"]
[Black "Palczert, Matyas"]
[Result "1/2-1/2"]
[WhiteElo "2441"]
[BlackElo "2359"]
[PlyCount "127"]
[EventDate "2024.11.13"]
[EventType "tourn"]
[EventRounds "9"]
[EventCountry "HUN"]
[EventCategory "6"]
[SourceTitle "CB48_2024"]
[SourceDate "2024.11.28"]
[SourceVersion "1"]
[SourceVersionDate "2024.11.28"]
[SourceQuality "1"]

1. d4 Nf6 2. Nc3 d5 3. Bf4 e6 4. Nb5 Na6 5. e3 Be7 6. Nf3 0-0 7. h4 c6 8. Nc3 Qa5 9. a3 c5 10. Bg5 c4 11. Ne5 Qd8 12. Bf4 Nd7 13. Nf3 Qb6 14. Qc1 Bd6 15. g3 Nc7 16. Bh3 Qc6 17. h5 f6 18. h6 g6 19. Bxd6 Qxd6 20. e4 e5 21. 0-0 dxe4 22. Nxe4 Qc6 23. Re1 f5 24. Neg5 e4 25. d5 Nxd5 26. Nd4 Qf6 27. Nde6 Re8 28. Ng7 Re7 29. Qd2 N7b6 30. Bg2 Bd7 31. c3 Bc6 32. f4 Rd8 33. Qf2 e3 34. Qf1 Nc7 35. Nf3 Bxf3 36. Qxf3 Ncd5 37. Rad1 Red7 38. Rd4 Qe7 39. Qe2 Rd6 40. Red1 Kf8 41. Bf3 R6d7 42. Re1 Kf7 43. Kf1 Nf6 44. Qxe3 Qxe3 45. Rxe3 Rxd4 46. cxd4 Rxd4 47. Ne6 Rd7 48. Ng5+ Kf8 49. Ne6+ Ke8 50. Nc5+ Re7 51. Ke2 Ng8 52. a4 Nxh6 53. a5 Nd7 54. Nxb7 Nf7 55. Rxe7+ Kxe7 56. Ke3 g5 57. Bd5 gxf4+ 58. gxf4 Nd6 59. Nxd6 Kxd6 60. Bxc4 Nf6 61. Bd3 Nd5+ 62. Kf3 Ne7 63. Ke3 Kc5 64. a6 1/2-1/2

[Event "Budapest Vezerkepzo GM 10"]
[Site "Budapest"]
[Date "2024.10.18"]
[Round "7"]
[White "Savitha Shri, B."]
[Black "Panesar, Vedant"]
[Result "1/2-1/2"]
[WhiteElo "2348"]
[BlackElo "2420"]
[PlyCount "80"]
[EventDate "2024.10.14"]
[EventType "tourn"]
[EventRounds "9"]
[EventCountry "HUN"]
[EventCategory "6"]
[SourceTitle "CB43_2024"]
[Source "Chessbase"]
[SourceDate "2024.10.23"]
[SourceVersion "1"]
[SourceVersionDate "2024.10.23"]
[SourceQuality "1"]

1. e4 c5 2. Nf3 e6 3. d4 cxd4 4. Nxd4 Nf6 5. Nc3 Bb4 6. Bd3 d6 7. 0-0 0-0 8. Bg5 Nbd7 9. Nce2 h6 10. Bh4 Bc5 11. a3 Ne5 12. Bg3 Bd7 13. b4 Bb6 14. c4 Nh5 15. Bxe5 dxe5 16. Nf3 Qf6 17. c5 Bc7 18. b5 Rfd8 19. Qb3 g5 20. h3 Qg7 21. Nh2 Nf4 22. Nxf4 exf4 23. Rac1 b6 24. c6 Be8 25. Rfd1 h5 26. Be2 Qg6 27. Qf3 f6 28. Qb3 f5 29. exf5 Qxf5 30. Nf3 Qf6 31. Bc4 Bf7 32. Re1 g4 33. Nh2 g3 34. fxg3 fxg3 35. Nf3 Rd6 36. Ne5 Qf2+ 37. Kh1 Rd2 38. Bf1 Re8 39. Qf3 Qxf3 40. Nxf3 Rd5 1/2-1/2